00241nam a2200097Ia 4500008004100000100001500041245002400056250001200080260002400092650002700116190216s9999||||xx |||||||||||||| ||und|| aGupta. P.P 0aIntegral Transforms a1st Ed. bKedar Nath Ram Nath aMathematical Geography